[Event "TCh-Serbia & Montenegro"]
[Site "Budva YUG"]
[Date "2003.05.23"]
[Round "6"]
[White "Martinovic,Sl"]
[Black "Perunovic,Mil"]
[Result "0-1"]
[WhiteElo "2461"]
[BlackElo "2479"]

1.d4 Nf6 2.Nf3 e6 3.c4 Bb4+ 4.Bd2 c5 5.Bxb4 cxb4 6.g3 b6 7.Bg2 Bb7 8.O-O O-O
9.Nbd2 d6 10.e3 Nbd7 11.Ne1 Bxg2 12.Kxg2 Rc8 13.Nd3 a5 14.a3 bxa3 15.Rxa3 e5
16.b4 exd4 17.exd4 d5 18.cxd5 Nxd5 19.bxa5 bxa5 20.Nf3 N7b6 21.Nc5 Nc4 22.Rb3 Ndb6
23.Qb1 Re8 24.Re1 Rxe1 25.Qxe1 Qd5 26.Rb1 a4 27.Ra1 a3 28.Qe2 h6 29.h4 Kf8
30.Re1 Ra8 31.Na6 Qb7 32.Nc5 Qc6 33.Qc2 Kg8 34.Qf5 a2 35.Nb3 Ra3 36.d5 Qg6
37.Qxg6 fxg6 38.Na1 Nxd5 39.Nd4 Rd3 40.Ndb3 Kf7 41.Re4 Nd2 42.Nxd2 Rxd2 43.Ra4 Nc3
44.Ra7+ Kf6 45.Nb3 Rd1 46.Rc7 Rb1 47.Rxc3 Rxb3 48.Rc6+ Ke5 49.Ra6 Rb2 50.g4 Kd4  0-1

[Event "12th Chicago Open"]
[Site "Oak Brook USA"]
[Date "2003.05.23"]
[Round "1"]
[White "Strugatsky,V"]
[Black "Wygle,S"]
[Result "1-0"]
[WhiteElo "2427"]
[BlackElo "2296"]

1.d4 Nf6 2.Nf3 e6 3.c4 Bb4+ 4.Bd2 Qe7 5.g3 Nc6 6.Nc3 Bxc3 7.Bxc3 Ne4 8.Rc1 O-O
9.Bg2 d6 10.O-O Nxc3 11.Rxc3 a5 12.d5 Nb8 13.dxe6 fxe6 14.c5 dxc5 15.Ne5 Na6
16.Qc1 c6 17.a3 Rd8 18.Be4 Bd7 19.Qc2 g6 20.h4 Be8 21.h5 Qg7 22.Nc4 Nc7 23.hxg6 hxg6
24.Nb6 Ra6 25.Na4 c4 26.Nc5 Rb6 27.Na4 Ra6 28.Nc5 Rb6 29.Rb1 Qh6 30.e3 Nd5
31.Rxc4 Nxe3 32.fxe3 Qxe3+ 33.Qf2 Qxf2+ 34.Kxf2 Rd2+ 35.Ke3 Rdxb2 36.Rxb2 Rxb2
37.Rc3 Bf7 38.Nd7 Kg7 39.Ne5 Kf6 40.Nxf7 Kxf7 41.Kd4 Rb5 42.Rf3+ Kg7 43.Bc2 e5+
44.Ke4 Rc5 45.Bb3 a4 46.Be6 b5 47.Bd7 Kh6 48.Re3 Kg5 49.Rf3 Kh6 50.Rd3 Kg5
51.g4 Rd5 52.Bxc6 Rc5 53.Bd7 b4 54.axb4 Rc4+ 55.Kxe5 Rxb4 56.Rd4  1-0

[Event "12th Chicago Open"]
[Site "Oak Brook USA"]
[Date "2003.05.24"]
[Round "3"]
[White "Strugatsky,V"]
[Black "Betaneli,A"]
[Result "1/2-1/2"]
[WhiteElo "2427"]
[BlackElo "2269"]

1.d4 Nf6 2.Nf3 e6 3.c4 Bb4+ 4.Bd2 Qe7 5.g3 Nc6 6.Nc3 Bxc3 7.Bxc3 Ne4 8.Rc1 d6
9.Bg2 O-O 10.O-O Nxc3 11.Rxc3 f5 12.d5 Nd8 13.Ne1 e5 14.f4 Nf7 15.Nf3 Bd7
16.Qc2 b6 17.fxe5 Nxe5 18.Nd4 Qg5 19.Qc1 Qxc1 20.Rcxc1 a5 21.b3 Rae8 22.Rce1 Ng4
23.e4 fxe4 24.Rxf8+ Kxf8 25.Rxe4 Rxe4 26.Bxe4 g6 27.Kg2 Kf7 28.Bf3 Nh6 29.Be4 Kf6
30.Bd3 Ng4 31.h3 Ne5 32.Bc2 a4 33.g4 axb3 34.axb3 h6 35.Kg3 c5 36.dxc6 Nxc6
37.Ne2 g5 38.Kf3 Ke5 39.Ke3 Na5 40.Kd3 b5 41.Kc3 bxc4 42.b4 Nb7 43.Kxc4 d5+
44.Kc3 Nd6 45.Nd4 Nb5+ 46.Nxb5 Bxb5 47.Bd3 d4+ 48.Kd2 Bc6 49.b5 Bg2 50.Ke2 Kd6
51.Kf2 Bd5 52.Kg3 Kc5 53.h4 Bf7 54.hxg5 hxg5 55.Kf3 Be8 56.Bf5 Bxb5 57.Ke4 Kc4
58.Ke5 Kc3 59.Kf6 Ba4 60.Kxg5 Bc2 61.Kh6  1/2-1/2

[Event "28th Elekes Mem GM"]
[Site "Budapest HUN"]
[Date "2003.05.26"]
[Round "10"]
[White "Galyas,M"]
[Black "Danner,G"]
[Result "1/2-1/2"]
[WhiteElo "2413"]
[BlackElo "2377"]

1.d4 Nf6 2.c4 e6 3.Nf3 Bb4+ 4.Bd2 Qe7 5.g3 Nc6 6.Nc3 d6 7.Bg2 e5 8.Nd5 Bxd2+
9.Qxd2 Nxd5 10.cxd5 Nxd4 11.Nxd4 exd4 12.Qxd4 O-O 13.e3 Bd7 14.O-O c5 15.dxc6 Bxc6
16.Rac1 Bxg2 17.Kxg2 a5 18.Rc3 Rfc8 19.Rfc1 Rxc3 20.Rxc3 g6 21.Qd5 a4 22.Rc4 a3
23.Rb4 axb2 24.Rxb7 Qe6 25.Qxe6 fxe6 26.Rxb2 h5 27.Rb6 Kf7 28.Rxd6 Rxa2 29.h4 Kf6
30.Kf3 Rb2 31.Ra6 Rb5 32.Ra8 Rf5+ 33.Ke2 Rb5 34.f4 Rb2+ 35.Kf3 Rb3 36.Ra5 Rc3
37.Re5 Ra3 38.Rg5 Rb3 39.Kf2 Rb2+ 40.Kf1 Ra2 41.e4 Rb2 42.f5 exf5 43.exf5 gxf5
44.Rxh5 Ke5 45.g4 Kf4 46.g5 Kf3 47.Ke1 Ke3 48.Kd1 Kd3 49.Ke1  1/2-1/2

[Event "Golden Cleopatra"]
[Site "Cairo EGY"]
[Date "2003.06.04"]
[Round "4"]
[White "Hassan,T"]
[Black "Belezky,S"]
[Result "0-1"]
[WhiteElo "2260"]
[BlackElo "2403"]

1.d4 Nf6 2.c4 e6 3.Nf3 Bb4+ 4.Bd2 Qe7 5.g3 O-O 6.Bg2 Bxd2+ 7.Nbxd2 d6 8.e4 e5
9.d5 a5 10.O-O Na6 11.a3 Nc5 12.Qc2 a4 13.Ne1 Bg4 14.f3 Bd7 15.Nd3 Nxd3 16.Qxd3 Ne8
17.f4 exf4 18.Rxf4 Nf6 19.h3 Bc8 20.c5 dxc5 21.Qc3 Re8 22.Raf1 b5 23.d6 Qe5
24.Qxe5 Rxe5 25.Nf3 cxd6 26.Nxe5 dxe5 27.R4f2 Be6 28.Rd2 Kf8 29.Rc1 c4 30.Rd6 Rb8
31.Kf2 Bxh3 32.Rxf6 Bxg2 33.Rf5 Bxe4 34.Rxe5 Bd3 35.Rce1 g6 36.g4 b4 37.axb4 Rxb4
38.Ra5 Rxb2+ 39.Kf3 Rb4 40.g5 Kg7 41.Re8 h6 42.gxh6+ Kxh6 43.Rc8 Bc2 44.Rc7 f5
45.Kf4 Bb3 46.Ke5 Rb6 47.Kf4 Re6 48.Raa7 Re4+ 49.Kg3 Kg5 50.Ra6 Rd4 51.Kf3 Rh4
52.Rcc6 Rh6 53.Ra5 c3 54.Kg3 c2 55.Raa6 f4+ 56.Kf2 Kf5 57.Ra5+ Ke4 58.Ra7 Rh2+
59.Kg1 Rd2 60.Re7+ Kd5  0-1

[Event "4th IECC"]
[Site "Istanbul TUR"]
[Date "2003.06.06"]
[Round "7"]
[White "Shneider,A"]
[Black "Naiditsch,A"]
[Result "1-0"]
[WhiteElo "2497"]
[BlackElo "2588"]

1.d4 Nf6 2.c4 e6 3.Nf3 Bb4+ 4.Bd2 Qe7 5.g3 Nc6 6.Nc3 Bxc3 7.Bxc3 Ne4 8.Rc1 d6
9.d5 Nxc3 10.Rxc3 Nb8 11.dxe6 fxe6 12.Bg2 O-O 13.Nd4 e5 14.Nc2 Nd7 15.O-O a5
16.Ra3 Nc5 17.b4 Ne6 18.Rxa5 Rxa5 19.bxa5 Nc5 20.Nb4 Bf5 21.Nd5 Qd7 22.Ne3 Bh3
23.Bxh3 Qxh3 24.Qd5+ Kh8 25.a6 bxa6 26.Qc6 Qc8 27.Nd5 Rf7 28.Nc3 Qf5 29.Nd5 h5
30.Ne3 Qg6 31.Qe8+ Kh7 32.Nd5 Qf5 33.Ne7 Rf8 34.Nxf5 Rxe8 35.Rb1 Kg6 36.Ne3 Kf7
37.Nd5 Rc8 38.f3 Ke6 39.h4 c6 40.Nc3 Nd7 41.Kf2 d5 42.Rb7 Rb8 43.Ra7 d4 44.Ne4 Rb2
45.Rxa6 d3 46.Rxc6+ Ke7 47.Ke3 dxe2 48.Kf2 Nf8 49.Rc5 Nd7 50.Rd5 Rxa2 51.Rd2 Ra4
52.Rxd7+  1-0

[Event "17th Open"]
[Site "Pula CRO"]
[Date "2003.06.07"]
[Round "9"]
[White "Kiss,Pa"]
[Black "Jankovic,A"]
[Result "0-1"]
[WhiteElo "2401"]
[BlackElo "2359"]

1.d4 e6 2.c4 Nf6 3.Nf3 Bb4+ 4.Bd2 c5 5.Bxb4 cxb4 6.g3 O-O 7.Bg2 d6 8.Nbd2 Nc6
9.Nf1 Ne7 10.Ne3 Bd7 11.O-O b5 12.b3 bxc4 13.Nxc4 Bb5 14.a3 d5 15.Nce5 bxa3
16.Re1 Ne4 17.Rxa3 Qd6 18.Qa1 a6 19.Bf1 f6 20.Nd3 Rac8 21.b4 Nc6 22.Rb1 e5
23.dxe5 fxe5 24.Nfxe5 Nxf2 25.Nxf2 Nxe5 26.Qd4 Rc4 27.Qd2 Qf6 28.Nh3 Rd4
29.Qg5 Qb6 30.Kh1 Re4 31.Bg2 Rxe2 32.Bxd5+ Kh8 33.Qe7 Re8 34.Qc5 Qh6 35.Rf1 Rxh2+
36.Kxh2 Bxf1 37.Bg2 Ng4+ 38.Kg1 Bxg2 39.Kxg2 Qd2+ 40.Nf2 Nxf2  0-1

[Event "IHEM"]
[Site "Hamburg GER"]
[Date "2003.06.09"]
[Round "3"]
[White "Meier,DG"]
[Black "Cording,H"]
[Result "1-0"]
[WhiteElo "2183"]
[BlackElo "2265"]

1.d4 Nf6 2.c4 e6 3.Nf3 Bb4+ 4.Bd2 Qe7 5.g3 O-O 6.Bg2 Bxd2+ 7.Qxd2 d6 8.Nc3 e5
9.Nd5 Nxd5 10.cxd5 e4 11.Ng5 f5 12.h4 c6 13.dxc6 bxc6 14.h5 d5 15.h6 g6 16.Rc1 Bb7
17.Rc3 Nd7 18.O-O Nb6 19.Rb3 Ba6 20.Rc1 Bb5 21.Qf4 Rac8 22.Bf1 Nc4 23.Kg2 Rfe8
24.e3 Nd2 25.Bxb5 Nxb3 26.Rxc6 Nd2 27.Re6 Qxe6 28.Nxe6  1-0

[Event "IEWCC"]
[Site "Istanbul TUR"]
[Date "2003.06.11"]
[Round "8"]
[White "Stjazhkina,O"]
[Black "Polovnikova,E"]
[Result "0-1"]
[WhiteElo "2313"]
[BlackElo "2383"]

1.d4 Nf6 2.Nf3 e6 3.c4 Bb4+ 4.Bd2 Qe7 5.g3 O-O 6.Bg2 Nc6 7.Nc3 Bxc3 8.Bxc3 Ne4
9.Rc1 d6 10.d5 Nxc3 11.Rxc3 Nd8 12.O-O e5 13.Nd2 b6 14.b4 a5 15.a3 Bg4 16.Re3 Nb7
17.f4 f6 18.h3 Bd7 19.g4 axb4 20.axb4 Ra2 21.Ne4 exf4 22.Rxf4 Kh8 23.Rff3 Qd8
24.Qd4 Re8 25.Ng3 Re5 26.Rxe5 dxe5 27.Qc3 Nd6 28.g5 Qe7 29.Re3 b5 30.c5 Nc4
31.Rd3 f5 32.h4 e4 33.d6 cxd6 34.cxd6 Qe6 35.Rd1 Ra3 36.Qe1 Ne3 37.Ra1 Nc2
38.Rxa3 Nxe1 39.Ra8+ Bc8 40.Bxe4 fxe4 41.Nxe4 h5 42.Kf2 Qxe4 43.Rxc8+ Kh7
44.Rd8 Qxh4+  0-1

[Event "IV Open"]
[Site "Lido Estensi ITA"]
[Date "2003.06.11"]
[Round "5"]
[White "Skembris,S"]
[Black "Contin,D"]
[Result "1/2-1/2"]
[WhiteElo "2448"]
[BlackElo "2340"]

1.d4 e6 2.c4 Nf6 3.Nf3 Bb4+ 4.Bd2 c5 5.Bxb4 cxb4 6.g3 O-O 7.Bg2 d6 8.Nbd2 Nc6
9.O-O a5 10.a3 Qb6 11.e3 Qc7 12.Qc2 Rb8 13.Rfc1 bxa3 14.bxa3 Bd7 15.c5 b5
16.cxb6 Rxb6 17.Nc4 Rb5 18.Rab1 Rxb1 19.Qxb1 Rb8 20.Qc2 Ne7 21.Ncd2 Qxc2
22.Rxc2 Bc6 23.Ne1 Bxg2 24.Kxg2 Ne8 25.Nd3 f5 26.Rb2 Rxb2 27.Nxb2 d5 28.Nd3 Nc6
29.Ne5 Nxe5 30.dxe5 Nc7 31.a4 Na8 32.Nb3 Nb6 33.Nxa5 Nxa4 34.Nc6  1/2-1/2

[Event "FSIM June"]
[Site "Budapest HUN"]
[Date "2003.06.17"]
[Round "11"]
[White "Werner,Di"]
[Black "Hajnal,Z"]
[Result "1/2-1/2"]
[WhiteElo "2359"]
[BlackElo "2385"]

1.d4 Nf6 2.Nf3 e6 3.c4 Bb4+ 4.Bd2 Qe7 5.g3 O-O 6.Bg2 Bxd2+ 7.Nbxd2 d6 8.O-O Nbd7
9.e4 e5 10.Re1 b6 11.Qc2 Bb7  1/2-1/2

[Event "It"]
[Site "Leposavic YUG"]
[Date "2003.06.19"]
[Round "9"]
[White "Antic,D"]
[Black "Todorov,O"]
[Result "1-0"]
[WhiteElo "2450"]
[BlackElo "2329"]

1.d4 Nf6 2.c4 e6 3.Nf3 Bb4+ 4.Bd2 Bxd2+ 5.Qxd2 O-O 6.g3 d5 7.Bg2 Nbd7 8.O-O c6
9.Na3 Qe7 10.Rac1 Ne4 11.Qc2 f5 12.Ne1 Ndf6 13.Nd3 Bd7 14.Nb1 Rad8 15.Nd2 Nxd2
16.Qxd2 Be8 17.e3 Bf7 18.Qa5 Ra8 19.b3 Rfd8 20.Rfd1 Bh5 21.Re1 Be8 22.Qc3 Rac8
23.Qb2 Bf7 24.b4 Be8 25.a4 Ra8 26.a5 a6 27.Nc5 Rab8 28.Bf1 Ra8 29.f3 Bg6
30.Qc3 Rdc8 31.Bd3 dxc4 32.Bxc4 Nd5 33.Qb2 Rab8 34.e4 fxe4 35.fxe4 Nc7 36.Rcd1 Bf7
37.d5 Rd8 38.Qe5  1-0

[Event "Master Open"]
[Site "Voronezh RUS"]
[Date "2003.06.19"]
[Round "7"]
[White "Popov,Val"]
[Black "Khmelnitski,A"]
[Result "1/2-1/2"]
[WhiteElo "2570"]
[BlackElo "2483"]

1.d4 Nf6 2.Nf3 e6 3.c4 Bb4+ 4.Bd2 Qe7 5.g3 Nc6 6.Nc3 d5 7.a3 Bxc3 8.Bxc3 Ne4
9.Qc2 a5 10.Bg2 O-O 11.O-O a4 12.Rac1 Rd8 13.Rfd1 Nxc3 14.Qxc3 Bd7 15.Qe3 Qd6
16.Ne5 Be8 17.Qc3 Qe7 18.cxd5 exd5 19.Nxc6 Bxc6 20.Rd2 Rd6 21.Qb4 Re8 22.Rc5 h5
23.b3 axb3 24.Qxb3 h4 25.Bf3 Qd7 26.Rd3 b6 27.Rcc3 hxg3 28.hxg3 Bb5 29.Re3 Bc4
30.Qb4 Rd8 31.Re5 Re8 32.Bg4 Qd8 33.Rce3 Rxe5 34.Rxe5 g6 35.Qd2 Kg7 36.Qe3 Qf6
37.Re7 c5 38.dxc5 bxc5 39.Rc7 Rc6 40.Rd7 Qd4 41.Qe7 Qf6 42.Qe8 d4 43.Rd8 Kh6
44.f4 Rb6 45.Qf8+ Kh7 46.Bf3 Rb1+ 47.Kf2 Be6 48.Bd5 Rb6 49.Bxe6 Rxe6 50.Rd7 Rxe2+
51.Kf1  1/2-1/2

[Event "2nd Open"]
[Site "La Fere FRA"]
[Date "2003.07.01"]
[Round "5"]
[White "Vanderstricht,G"]
[Black "Nieminen,K"]
[Result "1/2-1/2"]
[WhiteElo "2397"]
[BlackElo "2164"]

1.d4 Nf6 2.c4 e6 3.Nf3 Bb4+ 4.Bd2 Bxd2+ 5.Qxd2 O-O 6.Nc3 d5 7.e3 c6 8.Bd3 Nbd7
9.O-O Re8 10.Qc2 h6 11.Rad1 a6 12.e4 dxe4 13.Nxe4 Nxe4 14.Bxe4 Nf6 15.c5 Nxe4
16.Qxe4 Qd5 17.Qb1 b5 18.cxb6 Rb8 19.Rc1 Rxb6 20.Rc5 Qd6 21.Rfc1 Bd7 22.b3 Rd8
23.Qe4 Be8 24.Ra5 Qc7 25.Qe1 Qb7 26.Rac5 Rb5 27.h3 Qb6 28.Qc3 Rb4 29.Rb1 Rd5
30.a3 Rbxd4 31.Rxd5 Rxd5 32.Rc1  1/2-1/2

[Event "IM"]
[Site "Bogny sur Meuse FRA"]
[Date "2003.07.03"]
[Round "9"]
[White "Barsov,A"]
[Black "Miezis,N"]
[Result "1/2-1/2"]
[WhiteElo "2531"]
[BlackElo "2516"]

1.d4 e6 2.c4 Nf6 3.Nf3 Bb4+ 4.Bd2 Qe7 5.g3 O-O 6.Bg2 Bxd2+ 7.Qxd2 Ne4 8.Qc2 Qb4+
9.Nbd2 Nxd2 10.Nxd2 d5 11.a3 Qe7 12.cxd5 exd5 13.Bxd5 Rd8 14.Be4 Rxd4 15.Bxh7+ Kh8
16.Be4 Nd7 17.Bg2 Nc5 18.O-O Be6 19.e3 Rd7 20.b4 Rad8 21.Qxc5 Qxc5 22.bxc5 Rxd2
23.Bxb7 Rb8 24.Rfb1 g5 25.Be4 Rbd8 26.Rc1 Kg7 27.Rc2 f5 28.Rxd2 Rxd2 29.Bg2 Rc2
30.c6 Kf6 31.h4 gxh4 32.gxh4 Rc4 33.f4 Rc3 34.Rb1 Rxe3 35.Rb7 Rxa3  1/2-1/2

[Event "31st World Open"]
[Site "Philadelphia USA"]
[Date "2003.07.05"]
[Round "6"]
[White "Sulskis,S"]
[Black "Karklins,A"]
[Result "1-0"]
[WhiteElo "2578"]
[BlackElo "2287"]

1.c4 Nf6 2.d4 e6 3.Nf3 Bb4+ 4.Bd2 a5 5.g3 Ne4 6.Bg2 Nxd2 7.Nfxd2 Nc6 8.d5 Ne5
9.a3 Bc5 10.O-O d6 11.Nc3 O-O 12.Qc2 Bd7 13.dxe6 fxe6 14.Bxb7 Rb8 15.Bg2 Qf6
16.Nce4 Qg6 17.Qc3 Ba7 18.c5 Nc6 19.cxd6 cxd6 20.Nxd6 Bd4 21.Qc4 Rxb2 22.Bxc6 Rxd2
23.Bxd7 Kh8 24.Ra2 Rxf2 25.Rxf2 Bxf2+ 26.Kxf2  1-0

[Event "31st World Open"]
[Site "Philadelphia USA"]
[Date "2003.07.05"]
[Round "7"]
[White "Muhammad,S"]
[Black "Christiansen,L"]
[Result "1-0"]
[WhiteElo "2397"]
[BlackElo "2544"]

1.d4 e6 2.c4 Nf6 3.Nf3 Bb4+ 4.Bd2 a5 5.g3 b6 6.Bg2 Bb7 7.O-O O-O 8.Nc3 Bxc3
9.Bxc3 Be4 10.Rc1 d5 11.b3 Nc6 12.Bb2 Rc8 13.Qd2 Qd6 14.Rfd1 Rfd8 15.Ne5 Bxg2
16.c5 bxc5 17.dxc5 Qxe5 18.Bxe5 Nxe5 19.Kxg2 Nc6 20.a3 Rb8 21.Rb1 Rb5 22.Qd3 Rdb8
23.a4 R5b7 24.Qa6 Nb4 25.Qxa5 Ne4 26.Rbc1 c6 27.Rd4 h6 28.Rxb4 Rxb4 29.Qc7 Rxb3
30.Qxc6 R3b7 31.a5 Ra7 32.a6 Rba8 33.Ra1 Nf6 34.Qb7 Ne8 35.c6 h5 36.Kf3 Kh7
37.h3 Nd6 38.Qb4 Nc4 39.Kg2 f5 40.Rc1 Rxa6 41.Rxc4 dxc4 42.Qxc4 Ra5 43.Qxe6 R8a7
44.Kf3 g6 45.Kf4 Kh6 46.Qd6 Ra4+ 47.Ke5 Ra8 48.Kf6 R4a6  1-0

[Event "1st Stage Russian Cup"]
[Site "Tomsk RUS"]
[Date "2003.07.06"]
[Round "3"]
[White "Voinov,A"]
[Black "Galuzin,G"]
[Result "1-0"]
[WhiteElo "2350"]
[BlackElo "2144"]

1.d4 Nf6 2.Nf3 e6 3.c4 Bb4+ 4.Bd2 Bxd2+ 5.Qxd2 O-O 6.g3 b6 7.Bg2 Bb7 8.O-O d6
9.Nc3 Ne4 10.Nxe4 Bxe4 11.Rfd1 Nd7 12.Rac1 Qe7 13.b4 Rfd8 14.a4 c5 15.a5 cxb4
16.Qxb4 bxa5 17.Qxa5 Nb6 18.c5 dxc5 19.dxc5 Nc8 20.Ne5 Bxg2 21.Kxg2 Rd5 22.Qc3 Qc7
23.Rxd5 exd5 24.Nf3 Ne7 25.c6 Rb8 26.Qc5 g6 27.Nd4 Rc8 28.Rb1 Qe5 29.Rb7 Rc7
30.Rxa7 Nxc6 31.Ra8+ Kg7 32.Qf8+ Kf6 33.Qh8+  1-0

[Event "Andorra"]
[Site "Andorra la Vella AND"]
[Date "2003.07.07"]
[Round "3"]
[White "Avrukh,B"]
[Black "Andres Gonzalez,A"]
[Result "1/2-1/2"]
[WhiteElo "2557"]
[BlackElo "2412"]

1.d4 Nf6 2.c4 e6 3.Nf3 Bb4+ 4.Bd2 a5 5.g3 O-O 6.Bg2 d5 7.O-O Nc6 8.Qc2 Re8
9.Bf4 Bd6 10.Nbd2 Nxd4 11.Nxd4 e5 12.Bxe5 Bxe5 13.N2f3 c6 14.Nxe5 Rxe5 15.cxd5 Nxd5
16.e4 Nb4 17.Qc3 Qe7 18.a3 Na6 19.f4 Rc5 20.Qe3 Nc7 21.e5 a4 22.Rae1 Raa5
23.b4 axb3 24.Nxb3 Bf5 25.Nxc5 Rxc5 26.g4 Bxg4 27.f5 g6 28.Qg3 Bh5 29.Rf4 Rxe5
30.Ref1 Re3 31.Qf2 gxf5 32.a4 Re2 33.Qg3+ Bg6 34.Rxf5 Qe3+ 35.Qxe3 Rxe3 36.Ra5 Ra3
37.Ra7 Ne6 38.a5 Nc5 39.Rf3 Nb3 40.Rxb7 Ra1+ 41.Rf1 Rxf1+ 42.Bxf1 Nxa5 43.Rb6 c5
44.Kf2 c4 45.Rb5 Nc6 46.Bxc4 Nd4 47.Rb7 Kg7 48.Rd7 Nc6 49.Rd6 Ne5 50.Be2 Bf5
51.Kg3 Be6 52.Kf4 Ng6+ 53.Ke4 Nh4 54.Kf4 Ng6+ 55.Kg3 Ne7 56.Rd1 Ng6 57.Ra1 Kf6
58.Ra5 Kg7 59.Bd3 Kf6 60.Be4 Kg7 61.Rc5 Kf6 62.h4 h6 63.h5 Ne7 64.Kf4 Nc8
65.Rc6 Ne7 66.Ra6 Nc8 67.Ra8 Nd6 68.Bd3 Nc8 69.Ra6 Ne7 70.Be4 Nc8 71.Rc6 Ne7
72.Rd6 Nc8 73.Rd8 Kg7 74.Ke5 Nb6 75.Kd6 Bg4 76.Bd3 Nd7 77.Rxd7 Bxd7 78.Kxd7 f5  1/2-1/2

[Event "FSIM July"]
[Site "Budapest HUN"]
[Date "2003.07.07"]
[Round "3"]
[White "Eperjesi,L"]
[Black "Ragger,M"]
[Result "1/2-1/2"]
[WhiteElo "2255"]
[BlackElo "2347"]

1.d4 Nf6 2.Nf3 e6 3.c4 Bb4+ 4.Bd2 Qe7 5.g3 O-O 6.Nc3 Nc6 7.Bg2 Bxc3 8.Bxc3 Ne4
9.Rc1 d6 10.O-O Nxc3 11.Rxc3 e5 12.d5 Nb8 13.b4 a5 14.Ra3 Bg4 15.Nd2 Na6
16.bxa5 Nc5 17.Nb3 Ra7 18.h3 Bf5 19.Nxc5 dxc5 20.Qd2 Qd6 21.e4 Bd7 22.f4 Rfa8
23.Kh2 f6 24.fxe5 Qxe5 25.Rb3 Rxa5 26.Rxb7 Rxa2 27.Qf4 R2a7 28.Rfb1 Kf7 29.Qf2 Ra2
30.R1b2 Rxb2  1/2-1/2

[Event "Andorra"]
[Site "Andorra la Vella AND"]
[Date "2003.07.10"]
[Round "6"]
[White "Kuzmin,A"]
[Black "Fernandez Romero,Ern"]
[Result "1/2-1/2"]
[WhiteElo "2583"]
[BlackElo "2434"]

1.d4 e6 2.c4 Nf6 3.Nf3 Bb4+ 4.Bd2 Qe7 5.g3 Nc6 6.Nc3 Bxc3 7.Bxc3 Ne4 8.Qc2 Nxc3
9.Qxc3 O-O 10.Bg2 d6 11.d5 Nd8 12.O-O e5 13.Nd2 f5 14.f4 exf4 15.gxf4 Qxe2
16.Rae1 Qh5 17.c5 Qf7 18.Nc4 b5 19.Na5 Nb7 20.Nxb7 Bxb7 21.c6 b4 22.Qxb4 Ba6
23.Rf2 Rfe8 24.h3 Rxe1+ 25.Qxe1 Bd3 26.Kh2 Re8 27.Qa5 a6 28.Rd2 Be2 29.Qc3 h5
30.Qd4 Qe7 31.Qf2 h4 32.b4 Bb5 33.Bf3 Qf6 34.Qd4 Qxd4 35.Rxd4 Re3 36.Bd1 Ra3
37.Bb3 Ba4 38.Bc4 Bb5  1/2-1/2

[Event "26th Open"]
[Site "Barbera del Valles ESP"]
[Date "2003.07.10"]
[Round "6"]
[White "Panelo,M"]
[Black "Vehi Bach,V"]
[Result "1/2-1/2"]
[WhiteElo "2335"]
[BlackElo "2416"]

1.d4 Nf6 2.c4 e6 3.Nf3 Bb4+ 4.Bd2 Bxd2+ 5.Qxd2 O-O 6.Nc3 d6 7.g3 Nbd7 8.Bg2 e5
9.O-O Re8 10.e4 c6 11.h3 a6 12.a4 Qa5 13.b3 Qb4 14.Qc2 a5 15.Kh2 exd4 16.Nxd4 Nc5
17.f4 Be6 18.Rad1 Nxb3 19.Nxb3 Bxc4 20.Nd4 Bxf1 21.Bxf1 g6 22.Bg2 Re7 23.Nde2 Rae8
24.Rd4 Qc5 25.Qd2 d5 26.e5 Nd7 27.Bxd5 cxd5 28.Nxd5 Re6 29.Nec3 Rc8 30.g4 Kg7
31.g5 Rcc6 32.h4 Nb6 33.h5 gxh5 34.Ne3 Qxc3 35.Nf5+ Kg6  1/2-1/2

[Event "ch-BEL"]
[Site "Eupen BEL"]
[Date "2003.07.10"]
[Round "6"]
[White "Van der Stricht,G"]
[Black "Saiboulatov,D"]
[Result "1-0"]
[WhiteElo "2450"]
[BlackElo "2366"]

1.d4 Nf6 2.c4 e6 3.Nf3 Bb4+ 4.Bd2 c5 5.Bxb4 cxb4 6.g3 O-O 7.Bg2 d6 8.O-O a5
9.Qd3 Qc7 10.Nbd2 Nbd7 11.a3 bxa3 12.Qxa3 Ra6 13.Rfc1 Nb8 14.c5 d5 15.Ne5 Nfd7
16.Nxd7 Bxd7 17.b4 axb4 18.Qxb4 Nc6 19.Qb2 Rfa8 20.e3 Rxa1 21.Rxa1 Rxa1+
22.Qxa1 Qa5 23.Qb2 Nb4 24.Bf1 f6 25.Nb1 b6 26.cxb6 Qxb6 27.Nd2 Qb8 28.Bg2 Qc7
29.Qa1 Nc6 30.Qb2 Qa5 31.Bf1 Nb4 32.Nb1 Qb6 33.Nd2 Qb8 34.Qa3 Nc6 35.Nb3 Qa7
36.Qd6 Kf7 37.Nc5 Nb8 38.h4 g6 39.Bh3 f5 40.g4 Bc8 41.Qd8 fxg4 42.Bxg4 h5
43.Qxc8 hxg4 44.Qxe6+ Kg7 45.Qxg4 Qf7 46.h5 Qf5 47.Qxg6+ Qxg6+ 48.hxg6 Kxg6
49.Ne6 Kf5 50.Nc7 Ke4 51.Kf1 Nc6 52.Ke2 Nb4 53.f3+ Kf5 54.Nxd5  1-0

[Event "Open"]
[Site "Montpellier FRA"]
[Date "2003.07.10"]
[Round "4"]
[White "Nezar,M"]
[Black "Chernuschevich,A"]
[Result "0-1"]
[WhiteElo "2379"]
[BlackElo "2489"]

1.d4 Nf6 2.c4 e6 3.Nf3 Bb4+ 4.Bd2 Qe7 5.g3 Nc6 6.Bg2 Bxd2+ 7.Nbxd2 d6 8.O-O e5
9.d5 Nb8 10.e4 Nbd7 11.b4 O-O 12.Ne1 a5 13.a3 g6 14.Nd3 Nh5 15.Nb3 axb4 16.axb4 Rxa1
17.Nxa1 Ng7 18.Nb3 f5 19.Qc2 f4 20.g4 h5 21.h3 hxg4 22.hxg4 Kf7 23.Ra1 Rh8
24.Ra7 Qh4 25.f3 Nf6 26.Nf2 Qh2+ 27.Kf1 Ngh5 28.gxh5 Nxh5 29.Nh1 Bh3 30.Bxh3 Qxh1+
31.Kf2 Ng3 32.Qc1 Qxh3 33.Qg1 Nxe4+ 34.Ke2 Nc3+ 35.Kf2 e4 36.Rxb7 Qxf3+  0-1

[Event "25th Open"]
[Site "Oberwart AUT"]
[Date "2003.07.11"]
[Round "7"]
[White "Riazantsev,A"]
[Black "Shariyazdanov,A"]
[Result "1/2-1/2"]
[WhiteElo "2533"]
[BlackElo "2565"]

1.d4 Nf6 2.c4 e6 3.Nf3 Bb4+ 4.Bd2 a5 5.Nc3 b6 6.e3 Bb7 7.Bd3 O-O 8.Qc2 d5
9.a3 dxc4 10.Bxc4 Bxc3 11.Bxc3 Nbd7 12.O-O Qe7 13.Qe2 Ne4 14.Rac1 Rfd8 15.Rfd1 Nxc3
16.Rxc3 c5 17.Bb5 Nf6 18.dxc5  1/2-1/2

[Event "Open"]
[Site "Mariupol UKR"]
[Date "2003.07.13"]
[Round "3"]
[White "Shalimov,V UKR"]
[Black "Tishin,D"]
[Result "1/2-1/2"]
[WhiteElo "2478"]
[BlackElo "2310"]

1.d4 Nf6 2.c4 e6 3.Nf3 Bb4+ 4.Bd2 Qe7 5.g3 b6 6.Bg2 Bb7 7.O-O Bxd2 8.Qxd2 O-O
9.Nc3 d6 10.d5 e5 11.b4 Ne8 12.e4 Nd7 13.a3 g6 14.Bh3 Bc8 15.Ne1 Ng7 16.Nd3 f5
17.Rae1 f4 18.Nb5 Nc5 19.Bxc8 Nxd3 20.Qxd3 Rfxc8 21.f3 a6 22.Nc3 Qg5 23.Kf2 Nh5
24.Rg1 Rf8 25.Ne2 a5 26.Rc1 axb4 27.axb4 Ra2 28.Rc2 Rfa8 29.Rxa2 Rxa2 30.c5 bxc5
31.bxc5 Kg7 32.c6 fxg3+ 33.hxg3 Kf7 34.Qe3 Qxe3+ 35.Kxe3 Ra3+ 36.Kf2 g5 37.Rb1 g4
38.fxg4 Nf6 39.Rb7 Nxe4+ 40.Kg2 Nf6 41.Rxc7+ Kg6 42.Re7 Ra2 43.Kf1 Nxd5 44.Re6+ Kg5
45.Rxd6 Ne3+ 46.Kf2 Nxg4+ 47.Ke1 Rc2 48.Ng1 Kf5 49.Nf3 h6 50.Kd1  1/2-1/2

[Event "Open"]
[Site "Montpellier FRA"]
[Date "2003.07.13"]
[Round "7"]
[White "Bauer,Ch"]
[Black "Miezis,N"]
[Result "1-0"]
[WhiteElo "2589"]
[BlackElo "2508"]

1.d4 Nf6 2.Nf3 e6 3.c4 Bb4+ 4.Bd2 Qe7 5.g3 Nc6 6.Bg2 Bxd2+ 7.Nbxd2 d6 8.O-O O-O
9.e4 e5 10.d5 Nd8 11.b4 Bd7 12.Qb3 a5 13.a3 Ne8 14.Rac1 g6 15.Rfe1 Kh8 16.Qb2 f6
17.c5 axb4 18.axb4 Bb5 19.Nb1 Bd7 20.Na3 Ra4 21.Re3 Qg7 22.Nc4 Bb5 23.Bf1 Bxc4
24.Bxc4 Ra8 25.Bb5 Qe7 26.Rec3 Rf7 27.Bxe8 Qxe8 28.b5 b6 29.cxb6 cxb6 30.Nd2 Kg7
31.Nc4 Nb7 32.Nxb6 Ra5 33.Rc6 Nc5 34.Nc4 Nd3 35.Qd2 Nxc1 36.Nxa5 Ra7 37.Qxc1  1-0

[Event "FSIM July"]
[Site "Budapest HUN"]
[Date "2003.07.15"]
[Round "11"]
[White "Galyas,M"]
[Black "Farago,S"]
[Result "1/2-1/2"]
[WhiteElo "2419"]
[BlackElo "2319"]

1.d4 Nf6 2.c4 e6 3.Nf3 Bb4+ 4.Bd2 Bxd2+ 5.Qxd2 b6 6.g3 Bb7 7.Bg2 O-O 8.O-O d5
9.cxd5 exd5 10.Nc3 Nbd7 11.Rac1 a6 12.b4 Re8 13.e3 Qe7 14.Qb2 Qd6 15.a4 Re7
16.b5 c6 17.bxc6 Bxc6 18.Ra1 Rb8 19.Rfc1 Ree8 20.Na2 Ne4 21.Nb4 Bb7 22.Nd3 f6
23.Nd2 Nf8 24.Nxe4 dxe4 25.Qb4 Red8 26.Qxd6 Rxd6 27.Nb4 Ne6 28.Bf1 a5 29.Na2 Ng5
30.Rc7 f5 31.Rac1 Nf3+ 32.Kg2 f4 33.Bc4+ Kh8 34.Be2 g5 35.Nc3 Nxd4 36.exd4 f3+
37.Kf1 fxe2+ 38.Nxe2 Ba6 39.R1c6 Rbd8 40.Ke1 Rxc6 41.Rxc6 Bxe2 42.Kxe2 Rxd4
43.Rxb6 Rxa4 44.Rb7 h6 45.Ra7 Kg8 46.Ke3 Kh8  1/2-1/2

[Event "Open"]
[Site "Mariupol UKR"]
[Date "2003.07.15"]
[Round "5"]
[White "Shalimov,V UKR"]
[Black "Golovanj,A"]
[Result "1-0"]
[WhiteElo "2478"]
[BlackElo "2218"]

1.d4 Nf6 2.Nf3 e6 3.c4 Bb4+ 4.Bd2 Qe7 5.g3 O-O 6.Bg2 Bxd2+ 7.Qxd2 Ne4 8.Qc2 Qb4+
9.Nbd2 Nxd2 10.Nxd2 f5 11.O-O Qe7 12.f4 Nc6 13.Nf3 d6 14.d5 Nb8 15.e4 exd5
16.cxd5 fxe4 17.Ng5 h6 18.Nxe4 Bf5 19.Rae1 Na6 20.Qc4 Rae8 21.b4 Qf7 22.a3 Re7
23.Re3 Rfe8 24.Rfe1 Bxe4 25.Bxe4 Qf6 26.Qd3 Kh8 27.Bf3 g5 28.fxg5 hxg5 29.Bg4 Rxe3
30.Rxe3 Rxe3 31.Qxe3 Qa1+ 32.Kg2 Qa2+ 33.Kh3 Qxd5 34.Be6 Qe5 35.Qxe5+ dxe5
36.Bc8 Kg7 37.Kg4 c5 38.b5 Nc7 39.a4 b6 40.Kf5 Nd5 41.Kxe5 Nc3 42.Kf5 Nxa4
43.Kxg5 Nc3 44.Bd7 c4 45.Kf4 Nd5+ 46.Kf3 Kf6 47.Ke4 c3 48.Kd3 c2 49.Kxc2 Ne3+
50.Kd3 Nd5 51.Ke4 Nc7 52.h4 a6 53.bxa6 Nxa6 54.Bf5 Nc5+ 55.Kf4 b5 56.g4 b4
57.g5+ Kf7 58.Ke5 b3 59.Kd5 Na4 60.Kd4 b2 61.Bb1 Nb6 62.h5 Nd7 63.h6 Nf8
64.Kc3 Ng6 65.Bxg6+ Kxg6  1-0

[Event "BCSA Open"]
[Site "Batumi GEO"]
[Date "2003.07.18"]
[Round "2"]
[White "Lomineishvili,M"]
[Black "Benidze,D"]
[Result "1-0"]
[WhiteElo "2409"]
[BlackElo "2146"]

1.d4 Nf6 2.c4 e6 3.Nf3 Bb4+ 4.Bd2 Qe7 5.g3 O-O 6.Bg2 Nc6 7.O-O d6 8.Bc1 Ba5
9.a3 Bb6 10.b4 a6 11.Bb2 Ba7 12.Qc2 e5 13.e3 e4 14.Nfd2 Bf5 15.Nc3 Rfe8 16.Rac1 Rac8
17.Rfe1 Bg6 18.Bh3 Rb8 19.Nd5 Qd8 20.Nf4 Bxd4 21.exd4 e3 22.Nxg6 exd2 23.Qxd2 hxg6
24.Rxe8+ Nxe8 25.d5 Ne5 26.Qc3 Nf6 27.f4 Ned7 28.g4 Nb6 29.g5 Nh5 30.Qd4 Na4
31.Ba1 c5 32.dxc6 bxc6 33.Bg4 c5 34.bxc5 dxc5 35.Qxd8+ Rxd8 36.f5 Nf4 37.f6 gxf6
38.Bxf6 Re8 39.Rb1 Nh5 40.Bd7 Nxf6 41.Bxa4 Re4 42.gxf6 Rxc4 43.Rb8+ Kh7 44.Be8 Rg4+
45.Kh1 Rf4 46.Rb7 Rxf6 47.Rxf7+ Rxf7 48.Bxf7 Kg7 49.Bc4 a5 50.Kg2 Kf6 51.Kf3 Ke5
52.Ke3 g5 53.h3  1-0